[Event "TUR-ch Seniors 65"]
[Site "Ankara"]
[Date "2023.05.25"]
[Round "7"]
[White "Kose, Abdullatif Tayfur"]
[Black "Katipoglu, Avni"]
[Result "1-0"]
[WhiteElo "1292"]
[BlackElo "1639"]
[PlyCount "53"]
[EventDate "2023.05.19"]
[EventType "swiss"]
[EventRounds "9"]
[EventCountry "TUR"]
[SourceTitle "CBM 214 Extra"]
[Source "ChessBase"]
[SourceDate "2023.07.31"]
[SourceVersion "1"]
[SourceVersionDate "2023.07.31"]
[SourceQuality "1"]

1. e4 d6 2. d4 Nf6 3. Nc3 g6 4. f4 Bg7 5. Nf3 Nc6 6. h3 0-0 7. Be3 Nh5 8. Ne2 e5 9. fxe5 dxe5 10. d5 Ne7 11. g4 Nf4 12. Nxf4 exf4 13. Bd4 f6 14. Qd2 g5 15. 0-0-0 Ng6 16. Qg2 Qe7 17. Bd3 Ne5 18. Bxe5 fxe5 19. h4 h6 20. hxg5 hxg5 21. Rh5 Bf6 22. Bc4 Qc5 23. Bd3 c6 24. Nxg5 Qe3+ 25. Kb1 Qg3 26. Qh1 Bg7 27. Rh8+ 1-0